Автоматизированные способы определения значений параметров процесса токарной и фрезерной обработки на станках с ЧПУ: [монография]

Bibliographische Detailangaben
1. Verfasser: Плотников А. Л. Александр Леонтьевич
Weitere Verfasser: Сергеев А. С. Александр Сергеевич, Уварова Т. В. Татьяна Вениаминовна
Zusammenfassung:Исследована возможность использования существующих математических моделей основных параметров процесса токарной и фрезерной обработки сталей твердосплавным инструментом в режиме их автоматизированного расчёта. Показана невысокая точность расчёта, вскрыты причины ошибок расчёта при существующем (допустимом по ТУ) разбросе свойств инструментальных и обрабатываемых материалов. Указано на необходимость предварительной оценки теплофизических свойств каждой контактной пары «инструмент–заготовка» и учёта этой характеристики в моделях расчёта скорости резания, составляющих силы резания, при расчёте параметра шероховатости обработанной поверхности. Приведены скорректированные математические модели по расчёту основных параметров процесса точения и фрезерования углеродистых и конструкционных сталей, модели для токарной обработки коррозионно-стойких сталей. Монография может быть полезна для студентов вузов.
Sprache:Russisch
Veröffentlicht: Старый Оскол, ТНТ, 2018
Schlagworte:
Format: MixedMaterials Buch
KOHA link:https://koha.lib.tpu.ru/cgi-bin/koha/opac-detail.pl?biblionumber=341729

MARC

LEADER 00000nam0a2200000 4500
001 341729
005 20231102005358.0
010 |a 9785941785131 
035 |a (RuTPU)RU\TPU\book\369959 
090 |a 341729 
100 |a 20181019d2018 k y0rusy50 ca 
101 0 |a rus 
102 |a RU 
105 |a a z 001zy 
200 1 |a Автоматизированные способы определения значений параметров процесса токарной и фрезерной обработки на станках с ЧПУ  |e [монография]  |f А. Л. Плотников, А. С. Сергеев, Т. В. Уварова 
210 |a Старый Оскол  |c ТНТ  |d 2018 
215 |a 212 с.  |c ил. 
320 |a Библиогр.: с. 204-211 
330 |a Исследована возможность использования существующих математических моделей основных параметров процесса токарной и фрезерной обработки сталей твердосплавным инструментом в режиме их автоматизированного расчёта. Показана невысокая точность расчёта, вскрыты причины ошибок расчёта при существующем (допустимом по ТУ) разбросе свойств инструментальных и обрабатываемых материалов. Указано на необходимость предварительной оценки теплофизических свойств каждой контактной пары «инструмент–заготовка» и учёта этой характеристики в моделях расчёта скорости резания, составляющих силы резания, при расчёте параметра шероховатости обработанной поверхности. Приведены скорректированные математические модели по расчёту основных параметров процесса точения и фрезерования углеродистых и конструкционных сталей, модели для токарной обработки коррозионно-стойких сталей. Монография может быть полезна для студентов вузов. 
606 1 |a Токарные станки с числовым программным управлением  |2 stltpush  |3 (RuTPU)RU\TPU\subj\60866  |9 78089 
606 1 |a Фрезерные станки с программным управлением  |x Эксплуатация  |2 stltpush  |3 (RuTPU)RU\TPU\subj\64359  |9 81263 
610 1 |a токарные станки с ЧПУ 
610 1 |a токарные работы 
610 1 |a резание 
610 1 |a скорость 
610 1 |a расчет 
610 1 |a точность 
610 1 |a стали 
610 1 |a токарная обработка 
610 1 |a технологические процессы 
610 1 |a проектирование 
610 1 |a составляющие силы 
610 1 |a точение 
610 1 |a контактные процессы 
610 1 |a твердосплавные инструменты 
610 1 |a неоднородность 
610 1 |a шероховатость 
610 1 |a автоматизированные способы 
610 1 |a торцевое фрезерование 
610 1 |a монографии 
675 |a 621.941.2/.31-529  |v 4 
675 |a 621.914.3-52  |v 4 
700 1 |a Плотников  |b А. Л.  |g Александр Леонтьевич 
701 1 |a Сергеев  |b А. С.  |g Александр Сергеевич 
701 1 |a Уварова  |b Т. В.  |g Татьяна Вениаминовна 
801 1 |a RU  |b 63413507  |c 20181019 
801 2 |a RU  |b 63413507  |c 20220808  |g RCR 
942 |c BK 
959 |a 3/20180221  |d 1  |e 734,00  |f ЧЗТЛ:1